书目信息 |
| 题名: |
电脑游戏硬件与编程特技
|
|
| 作者: | 于春 张新莲 编著 | |
| 分册: | ||
| 出版信息: | 北京 电子工业出版社 1994.11 |
|
| 页数: | 522页 | |
| 开本: | 16开 | |
| 丛书名: | ||
| 单 册: | ||
| 中图分类: | TP898.2 | |
| 科图分类: | ||
| 主题词: | 远动技术--应用 | |
| 电子资源: | ||
| ISBN: | 7-5053-2393-8 | |
| 000 | 00601nam0 2200193 45 | |
| 001 | 0005111601 | |
| 005 | 20000511163019.9 | |
| 010 | @a7-5053-2393-8@d28.80元 | |
| 100 | @a20000511d1994 km y0chiy0120 ea | |
| 101 | @achi | |
| 105 | @a z 000yy | |
| 200 | 1 | @a电脑游戏硬件与编程特技@ADian Nao You Xi Ying Jian Yu Bian Cheng Te Ji@f于春 张新莲编著@FYu Chun Zhang Xin Lian Bian Zhu |
| 210 | @a北京@c电子工业出版社@d1994.11 | |
| 215 | @a522页@d16开 | |
| 606 | 0 | @a远动技术@x应用 |
| 690 | @aTP898.2@v3 | |
| 701 | @a于春 张新莲@4编著 | |
| 801 | @aCN@bPftUser@c20000511 | |
| 905 | @f1@b55016@dTP898.2@eY.701 | |
| 电脑游戏硬件与编程特技/于春 张新莲编著.-北京:电子工业出版社,1994.11 |
| 522页;16开 |
| ISBN 7-5053-2393-8:28.80元 |
| ● |
| 相关链接 |
|
|
|
正题名:电脑游戏硬件与编程特技
索取号:TP898.2/Y.701
 
预约/预借
| 序号 | 登录号 | 条形码 | 馆藏地/架位号 | 状态 | 备注 |
| 1 | 55016 | 200550162 | 自科库301/409社科库 30排3列1层/ [索取号:TP898.2/Y.701] | 在馆 |